[Event "Barcelona Sant Marti op-B 24th"]
[Site "Barcelona"]
[Date "2024.07.15"]
[Round "3"]
[White "Paul Pardinas, Jose Maria"]
[Black "Martimpe Burgues, Xavier"]
[Result "1-0"]
[WhiteElo "1746"]
[BlackElo "1440"]
[PlyCount "85"]
[EventDate "2024.07.13"]
[EventType "swiss"]
[EventRounds "9"]
[EventCountry "ESP"]
[SourceTitle "EXT 2025"]
[Source "ChessBase"]
[SourceDate "2024.10.14"]
[SourceVersion "1"]
[SourceVersionDate "2024.10.14"]
[SourceQuality "1"]

1. c4 c5 2. Nf3 d6 3. Nc3 Nf6 4. e3 e5 5. d3 Be7 6. Be2 Bg4 7. h3 Be6 8. b3 0-0 9. Bb2 a6 10. 0-0 Nc6 11. a3 Qd7 12. Ng5 h6 13. Nxe6 Qxe6 14. Bf3 Nh7 15. Nd5 Bd8 16. Qc2 Ng5 17. Bh5 Ne7 18. f4 Nh7 19. e4 f5 20. fxe5 dxe5 21. Rf2 f4 22. Bg4 Qd6 23. Qc3 Nc6 24. Raf1 Nd4 25. Qc1 Bh4 26. Bxd4 cxd4 27. Rc2 Bg5 28. c5 Qc6 29. Qd1 Nf6 30. Ne7+ Kh8 31. Nxc6 bxc6 32. b4 h5 33. Bxh5 a5 34. Bg4 g6 35. Qb1 Kg7 36. Qb3 Rh8 37. b5 a4 38. Qb4 Rhb8 39. b6 Rb7 40. Qc4 Bh4 41. Qe6 Nd7 42. Qxc6 Rab8 43. Bxd7 1-0

[Event "Barcelona Sant Marti op-B 24th"]
[Site "Barcelona"]
[Date "2024.07.14"]
[Round "2"]
[White "Diego Morillas, Gerard"]
[Black "Paul Pardinas, Jose Maria"]
[Result "0-1"]
[WhiteElo "1563"]
[BlackElo "1746"]
[PlyCount "130"]
[EventDate "2024.07.13"]
[EventType "swiss"]
[EventRounds "9"]
[EventCountry "ESP"]
[SourceTitle "EXT 2025"]
[Source "ChessBase"]
[SourceDate "2024.10.14"]
[SourceVersion "1"]
[SourceVersionDate "2024.10.14"]
[SourceQuality "1"]

1. c4 c5 2. Nc3 Nc6 3. g3 Nf6 4. Bg2 e6 5. e3 g6 6. Nge2 Bg7 7. 0-0 0-0 8. b3 d5 9. cxd5 Nxd5 10. d4 Nxc3 11. Nxc3 cxd4 12. exd4 Nxd4 13. Bb2 e5 14. Ne2 Nxe2+ 15. Qxe2 Qa5 16. Rfe1 f6 17. Qc4+ Kh8 18. Bc3 Qb6 19. Bb4 Be6 20. Qc5 Qxc5 21. Bxc5 Rf7 22. Red1 Bf8 23. Rac1 Rc8 24. Bxa7 Ra8 25. Bc5 Bxc5 26. Rxc5 Rxa2 27. Rd8+ Kg7 28. Bd5 Bxd5 29. Rcxd5 Rb2 30. Rb5 Rc2 31. Rb8 Rcc7 32. h4 Rfd7 33. Kg2 e4 34. g4 Kf7 35. Ra5 Ke7 36. Raa8 Kd6 37. Re8 Re7 38. Rad8+ Rcd7 39. Rxd7+ Kxd7 40. Rxe7+ Kxe7 41. f3 f5 42. Kf2 Ke6 43. Ke3 exf3 44. Kxf3 Ke5 45. b4 f4 46. g5 b5 47. Kf2 Ke4 48. Ke2 f3+ 49. Kf2 Kf4 50. Kf1 Kg3 51. Kg1 Kxh4 52. Kf2 Kg4 53. Kf1 Kxg5 54. Kf2 Kf4 55. Kf1 Ke3 56. Ke1 h5 57. Kf1 h4 58. Kg1 Ke2 59. Kh1 f2 60. Kh2 h3 61. Kxh3 f1Q+ 62. Kh2 Qf5 63. Kg3 Qg5+ 64. Kh3 Kf2 65. Kh2 Qg2# 0-1